An analysis of the flow over two 45-deg sweptback wings at high subsonic speeds, and comparison with theory /

Bibliographic Details
Main Author: Cook, R.
Format: Book
Language:English
Published: London : Her Majesty's Stationery Office, 1961.
Series:Reports and memoranda (Aeronautical Research Council (Great Britain)) ; no. 3194.
Subjects:

MARC

Tag First Indicator Second Indicator Subfields
LEADER 00000cam a2200000 4500
001 in00000096276
005 20150925090019.0
008 800401s1961 enka b f00010 eng d
035 |a (OCoLC)06156299 
035 |9 AAL2236AM 
040 |a TXA  |c TXA  |d UtOrBLW 
049 |a TXAM  |c [1024544] 
090 |a TL526.G7  |b A4 no. 3194 
100 1 |a Cook, R. 
245 1 3 |a An analysis of the flow over two 45-deg sweptback wings at high subsonic speeds, and comparison with theory /  |c by R. Cook. 
264 1 |a London :  |b Her Majesty's Stationery Office,  |c 1961. 
300 |a 40 pages :  |b illustrations 
336 |a text  |b txt  |2 rdacontent 
337 |a unmediated  |b n  |2 rdamedia 
338 |a volume  |b nc  |2 rdacarrier 
490 1 |a [Great Britain] Aeronautical Research Council. Reports and memoranda,  |v no. 3194 
500 |a Cover title. 
504 |a Bibliography: page 6. 
650 0 |a Air flow. 
650 0 |a Airplanes  |x Wings, Swept-back. 
830 0 |a Reports and memoranda (Aeronautical Research Council (Great Britain)) ;  |v no. 3194. 
999 |a MARS 
999 f f |s c8790526-e4ba-32ef-9627-bfceb1e6bbf8  |i ddbc08f7-fed6-33ef-a744-0904b1b64931  |t 0 
952 f f |p ric  |a Texas A&M University  |b Rellis Campus  |c Joint Library Facility  |d Remote Storage  |t 0  |e TL526.G7 A4 no. 3194  |h Library of Congress classification  |i unmediated -- volume  |m A14805534946 
998 f f |a TL526.G7 A4 no. 3194  |t 0  |l Remote Storage